000
00203 a2200097 4500
001
17905
100
_a
Shigley, J E
245
_a
Theory of Machines
260
_a
_b
Mcgraw Hill
_c
090
_c
13218
_d
13218
942
_a
NUST-CAE
_c
M
_c
3579
999
_c
252978
_d
252978